000 00906nam a2200301Ia 4500
003 OSt
005 20220912144855.0
006 a|||||r|||| 00| 0
007 ta
008 220909b |||||||| |||| 00| 0 eng d
020 _a818558933X (hbd)
024 _a125095
037 _b3726, 14/03/2011, New India Book Agency
037 _cTextual
040 _aCSL
_beng
_cCSL
041 _aeng
082 _aH4227, Q1
100 _aSubramanian V
245 0 _aRivers of South Asia to link or not to link
260 _aNew Delhi
_bCapital Publishing
_c2011
300 _a340p.
_ccm.
500 _aBibliography 331-336p.; Index 337-340p.
650 _a Biogeochemistry-tropics
650 _a Stream ecology-tropics
650 _aBiogeochemistry-congresses
942 _hH4227, Q1
_cTEXL
_2CC
999 _c17900
_d17900